00515nam a22001577a 450000500170000001000150001702000260003203500140005803700130007208200120008510000200009724500790011726000600019627000810025630000200033720220513154055.0 aENG-132620 a9789351952718c299.00 aEN-116152 bDBAD/PUB a181.432 aSorensen, Braja aLiving the Bhagavad Gita:bAncient Wisdom For Modern Life/cBraja Sorensen aGurugrambHachette Book Publishing India Pvt. Ltdc2019 a4th & 5th Floors, Corporate Centre, Plot No. 94, Sector 44bGurugrame122003 a196pc20cm(pbk)